000 00375 a2200097 4500
245 0 0 _aElementy stykowe urządzeń elektronicznych - Łączniki komutacyjne Nazwy i określenia PN-73/T-01020.03 /
_cMin. Przem. Maszynowego.
246 1 3 _aPN-73/T-01020.03
246 1 3 _a621.39:621.316.5.001.4
260 _aWarszawa :
_bMin. Przem. Maszynowego,
_c1973.
300 _a7 stron ;
_c30 cm.
650 _aPolska norma
999 _c19742
_d19742